000 01728 a2200409 4500
001 200130299
999 _c200130299
_d30777
003 TR-AnTOB
005 20231207164751.0
008 130821b tu 000 0
020 _a0876093659
020 _a9780876093658
040 _aTR-AnTOB
041 _aeng
050 0 0 _aHD9566.U62
_bN38 2006
090 _aHD9566.U62 N38 2006
245 0 0 _aNational security consequences of U.S. oil dependency : report of an independent task force /
_c[John Deutsch and James R. Schlesinger, chairs ; David G. Victor, project director].
264 1 _aNew York :
_bCouncil on Foreign Relations,
_cc2006.
300 _axiv, 67 p. :
_bill. ;
_c23 cm.
490 0 _aIndependent task force report ;
_vno. 58
504 _aIncludes bibliographical references
650 0 _aNational security
_zUnited States
_929515
650 0 _aPetroleum products
_xPrices
_939147
650 0 _aEnergy policy
_zUnited States
_942220
650 0 _aPetroleum industry and trade
_zUnited States
_992405
650 7 _aMilli güvenlik
_zAmerika Birleşik Devletleri
_2etuturkob
_992407
650 7 _aPetrol endüstrisi ve ticareti
_zAmerika Birleşik Devletleri
_2etuturkob
_992408
650 7 _aPetrol ürünleri
_xFiyatlar
_2etuturkob
_992409
650 7 _aEnerji politikası
_zAmerika Birleşik Devletleri
_2etuturkob
_942221
651 0 _aUnited States
_xForeign relations
_y2001-
_924190
651 0 _aAmerika Birleşik Devletleri
_xDış ilişkiler
_y2001-
_929289
700 1 _aDeutch, John M.,
_d1938-
_992401
700 1 _aSchlesinger, James R.
_992402
700 1 _aVictor, David G.
_992403
710 2 _aCouncil on Foreign Relations.
_bIndependent Task Force on Energy and U.S. Foreign Policy
_992404
999 _tT.o 21.08.2013
942 _cBK